| 000 | 01882nam a2200469Ii 4500 | ||
|---|---|---|---|
| 001 | DIGHERDER0311 | ||
| 003 | NyNyDIG | ||
| 007 | cr ||||||||||| | ||
| 008 | 220504s2017 sp ob 001 0 spa d | ||
| 006 | m o d | ||
| 035 | _a(OCoLC)1335136153 | ||
| 040 |
_aDGITA _beng _erda _epn _cDGITA |
||
| 020 |
_a9788425439568 _qeBook _qePub |
||
| 020 | _z9788425439537 | ||
| 041 | 1 |
_aspa _hita |
|
| 050 | 1 | 4 | _aBX1378.7 ebook |
| 100 | 1 |
_aViganò, Dario Edoardo, _d1962- _eauthor. |
|
| 240 | 1 | 0 |
_aFratelli e sorelle, buonasera. _lSpanish _s(Moreno Carrillo) |
| 245 | 1 | 0 |
_aEn salida : _bFrancisco y la comunicación / _cDarío Edoardo Viganò ; traducción de Bernardo Moreno Carrillo. |
| 250 | _aEdición digital. | ||
| 264 | 1 |
_aBarcelona : _bHerder, _c2017. |
|
| 300 | _a1 online resource. | ||
| 336 |
_atext _btxt _2rdacontent |
||
| 337 |
_acomputer _bc _2rdamedia |
||
| 338 |
_aonline resource _bcr _2rdacarrier |
||
| 347 |
_atext file _2rdaft |
||
| 347 | _bEPUB | ||
| 504 | _aIncludes bibliographical references and index. | ||
| 588 | 0 | _aOnline resource; title from ePub title page (Digitalia, viewed May 04, 2022) | |
| 600 | 0 | 0 |
_aFrancis, _cPope, _d1936- |
| 650 | 0 |
_aPopes _xInfallibility. |
|
| 650 | 0 |
_aCommunication _xReligious aspects _xCatholic Church |
|
| 655 | 0 | _aElectronic books. | |
| 700 | 1 |
_aMoreno Carrillo, Bernardo, _etranslator. |
|
| 700 | 1 |
_iTranslation of: _aViganò, Dario Edoardo, _d1962- _tFratelli e sorelle, buonasera. |
|
| 791 | 2 |
_aDigitalia (Firm), _edistributor. |
|
| 793 | 0 |
_gDigitalia eBook Collection: _aHerder Editorial |
|
| 776 | 0 | 8 |
_iPrint version: _aViganò, Dario Edoardo, 1962- _sFratelli e sorelle, buonasera. Spanish (Moreno Carrillo). _tEn salida. _dBarcelona : Herder, 2017 _z9788425439537 |
| 856 | 4 | 0 |
_3Digitalia Hispánica _uhttps://www.digitaliapublishing.com/a/61329/ |
| 910 | _aPremium collection: 2022 | ||
| 942 | _cRAA | ||
| 999 |
_c257592 _d257592 |
||